[Event "Najdorf Mem Open A 2016"]
[Site "Warsaw POL"]
[Date "2016.07.11"]
[Round "4.37"]
[White "Koksal, Ege"]
[Black "Nguyen, Piotr"]
[Result "0-1"]
[WhiteTitle "FM"]
[BlackTitle "IM"]
[WhiteElo "2324"]
[BlackElo "2430"]
[WhiteFideId "6317626"]
[BlackFideId "1127993"]
[EventDate "2016.07.08"]

1. d4 d6 2. g3 e5 3. Nf3 e4 4. Ng5 d5 5. c4 c6 6. Nc3 Nf6 7. Bg2 h6 8. Nh3 dxc4
9. O-O Bf5 10. e3 Bd6 11. f3 exf3 12. Qxf3 Bd3 13. Rf2 Bb4 14. Nf4 O-O 15. Nxd3
cxd3 16. a3 Ba5 17. Qf5 Na6 18. Qxd3 Nc5 19. Qc2 Ne6 20. Ne4 Nxe4 21. Qxe4 Ng5
22. Qf5 g6 23. Qd3 Bb6 24. Bd2 Qd7 25. Raf1 Rae8 26. Kh1 f5 27. g4 Ne4 28. Bxe4
Rxe4 29. Qxe4 fxe4 30. Rxf8+ Kg7 31. Bc3 Qd5 32. Rb8 h5 33. g5 Bd8 34. Rxb7+ Kg8
35. Rxa7 Bxg5 36. Bb4 Bh6 37. Rf6 Qg5 38. Ra8+ Kh7 39. Ra7+ Bg7 40. Rf4 Kh6 41.
Ra5 Qd8 42. Rxe4 Qg8 43. Rf4 Qe6 44. Bd2 g5 45. Rff5 Bf6 46. Kg2 Kg6 47. Rf3 g4
48. Rf4 Bg5 49. Rff5 Qe4+ 50. Kf2 Bd8 51. Rae5 Qd3 52. Bb4 Bf6 53. Rxh5 Qc2+ 54.
Kg3 Bxe5+ 55. Rxe5 Qe2 56. Re6+ Kf5 57. Re5+ Kg6 58. Re6+ Kf5 59. Re5+ Kf6 60.
Be7+ Kg6 61. Rg5+ Kf7 62. Re5 Kg6 63. Rg5+ Kh6 64. Kh4 Qxe3 65. Bf8+ Kh7 66.
Kxg4 Qxd4+ 67. Kg3 Qe3+ 68. Kg4 Qe4+ 69. Kg3 Qe1+ 70. Kg4 Qg1+ 71. Kf4 Qf2+ 72.
Ke4 Qxf8 73. Rg3 Qf2 74. Rh3+ Kg6 75. Rg3+ Kh5 76. b3 Qxh2 77. Rc3 Qb2 78. Rc5+
Kg4 79. b4 Qxa3 80. Ke5 Qxb4 81. Kd6 Kf4 82. Kxc6 Ke4 83. Rb5 Qc4+ 84. Rc5 Qa6+
85. Kd7 Kd4 86. Rf5 Qg6 87. Rb5 Qf7+ 88. Kd6 Qf6+ 89. Kd7 Kc4 90. Ra5 Qf7+ 91.
Kd6 Qg6+ 92. Kc7 Qg7+ 93. Kc6 Qh6+ 94. Kc7 Qe6 95. Kb7 Kb4 96. Ra6 Qd7+ 97. Kb6
Qc8 98. Ka7 Qc5+ 99. Kb7 Kb5 100. Ra7 Qd6 101. Kc8 Qf8+ 102. Kb7 Qd8 0-1

[Event "Najdorf Mem Open A 2016"]
[Site "Warsaw POL"]
[Date "2016.07.11"]
[Round "4.38"]
[White "Johansson, Linus"]
[Black "Bartel, Marta"]
[Result "0-1"]
[WhiteTitle "IM"]
[BlackTitle "WGM"]
[WhiteElo "2425"]
[BlackElo "2260"]
[WhiteFideId "1711113"]
[BlackFideId "1123009"]
[EventDate "2016.07.08"]

1. c4 f5 2. g3 Nf6 3. Bg2 g6 4. Nc3 Bg7 5. Nf3 O-O 6. O-O d6 7. d3 e5 8. Rb1 a5
9. a3 Na6 10. b4 axb4 11. axb4 c6 12. Nd2 Qc7 13. Ba3 Nb8 14. Bb2 Be6 15. Ra1
Nbd7 16. Qb3 g5 17. Rxa8 Rxa8 18. Ra1 Rxa1+ 19. Bxa1 Qb6 20. Qa4 Nf8 21. Nb3 d5
22. Qa5 Qxa5 23. Nxa5 dxc4 24. dxc4 e4 25. Nd1 N8d7 26. Bf1 c5 27. Bc3 Ne8 28.
Bd2 b6 29. Nc6 Bf6 30. Ne3 Nd6 31. Nd5 Bxd5 32. cxd5 c4 33. f3 b5 34. Bc1 Nb6
35. fxe4 Nxe4 36. Na7 Nxd5 37. Nxb5 Nxb4 38. e3 c3 39. Nd4 Bxd4 40. Bc4+ Kg7 41.
exd4 Nd2 42. Be6 Kf6 43. Bg8 Nd3 44. Ba3 c2 45. Bxh7 Nc4 0-1

[Event "Najdorf Mem Open A 2016"]
[Site "Warsaw POL"]
[Date "2016.07.11"]
[Round "4.39"]
[White "Osmanodja, Filiz"]
[Black "Bilguun, Sumiya"]
[Result "0-1"]
[WhiteTitle "WIM"]
[BlackTitle "FM"]
[WhiteElo "2318"]
[BlackElo "2419"]
[WhiteFideId "24633569"]
[BlackFideId "4901541"]
[EventDate "2016.07.08"]

1. e4 c5 2. Nf3 e6 3. d4 cxd4 4. Nxd4 a6 5. Nc3 Qc7 6. Bd3 d6 7. O-O g6 8. Be3
Nf6 9. f4 Bg7 10. h3 O-O 11. f5 e5 12. Nb3 gxf5 13. exf5 d5 14. Qd2 Nbd7 15. Bh6
Bxh6 16. Qxh6 e4 17. Rf4 exd3 18. cxd3 Kh8 19. Re1 Ng8 20. Qg5 Qb6+ 21. d4 Qf6
22. Qg3 Nb6 23. Nc5 Nh6 24. Qf2 Bxf5 25. g4 Qg7 26. Kh1 Bg6 27. Rf6 Nc4 28. Nxd5
Ng8 29. Rf4 Rfe8 30. Rc1 Rad8 31. Rxc4 Rxd5 32. Qf3 Rd6 33. Nxb7 Rde6 34. Kg1
Re1+ 35. Kf2 Qh6 36. d5 Qh4+ 37. Kg2 R8e2+ 38. Qf2 Rxf2+ 39. Rxf2 Re3 0-1

[Event "Najdorf Mem Open A 2016"]
[Site "Warsaw POL"]
[Date "2016.07.11"]
[Round "4.40"]
[White "Yankelevich, Lev"]
[Black "Kenneskog, Theodor"]
[Result "1-0"]
[BlackTitle "FM"]
[WhiteElo "2415"]
[BlackElo "2249"]
[WhiteFideId "24684074"]
[BlackFideId "1715011"]
[EventDate "2016.07.08"]

1. d4 Nf6 2. c4 e6 3. Nc3 Bb4 4. Qc2 Nc6 5. Nf3 O-O 6. Bg5 h6 7. Bd2 d6 8. a3
Bxc3 9. Bxc3 Qe7 10. e3 Re8 11. Be2 e5 12. d5 Nb8 13. e4 Nbd7 14. b4 b6 15. Nd2
a5 16. O-O axb4 17. axb4 Bb7 18. Nb3 Qf8 19. f3 Rxa1 20. Rxa1 Ra8 21. Qb2 Rxa1+
22. Qxa1 Qa8 23. Qxa8+ Bxa8 24. c5 bxc5 25. bxc5 dxc5 26. Bb5 Nb8 27. Bxe5 c6
28. Bxb8 cxb5 29. Nxc5 Kf8 30. Be5 Ke7 31. d6+ Kd8 32. Bxf6+ gxf6 33. Kf2 b4 34.
Ke3 Bc6 35. Kd4 Bb5 36. f4 h5 37. g3 Be2 38. Kd5 Bb5 39. Nb3 Kd7 40. Nc5+ Kd8
41. e5 fxe5 42. fxe5 Be2 43. Kc6 1-0

[Event "Najdorf Mem Open A 2016"]
[Site "Warsaw POL"]
[Date "2016.07.11"]
[Round "4.41"]
[White "Lomasov, Semen"]
[Black "Nebolsina, Vera"]
[Result "0-1"]
[WhiteTitle "FM"]
[BlackTitle "WGM"]
[WhiteElo "2395"]
[BlackElo "2226"]
[WhiteFideId "24164879"]
[BlackFideId "4163591"]
[EventDate "2016.07.08"]

1. e4 e5 2. Nf3 Nf6 3. Nxe5 d6 4. Nf3 Nxe4 5. Nc3 Nf6 6. d4 Be7 7. Bg5 h6 8. Bf4
c6 9. Qd2 Na6 10. d5 Nb4 11. dxc6 bxc6 12. Be2 Nbd5 13. Nxd5 Nxd5 14. Bg3 Nf6
15. Bd3 O-O 16. O-O Nh5 17. Nd4 Qb6 18. Rab1 Nxg3 19. hxg3 Bg5 20. Qd1 Re8 21.
c4 Bf6 22. Nf5 Bxf5 23. Bxf5 Bd4 24. Qf3 Re7 25. Be4 d5 26. cxd5 Rae8 27. Bd3
cxd5 28. Qxd5 Re5 29. Qd7 Rd8 30. Qg4 Bxf2+ 31. Rxf2 Rxd3 32. Qf4 f6 33. Qc4+
Red5 34. Re1 Kh7 35. g4 Rd2 36. Qf4 Rxb2 37. Rf1 Re5 38. Kh2 Rb4 39. Qg3 Re3 40.
Rf3 Ree4 41. Rf4 Qd4 42. Rxe4 Qxe4 43. Kh3 Rd4 44. Re1 Qd5 45. a3 h5 46. Qf2
Rxg4 47. Qc2+ Kh6 48. Re8 f5 49. Qe2 Qb3+ 50. Re3 Qb1 51. Kh2 Rh4+ 52. Rh3 Rxh3+
53. gxh3 Qb8+ 54. Kg2 Qb7+ 55. Kg1 Qb6+ 56. Kf1 Qd4 57. Qe6+ g6 58. Qf7 Qd3+ 59.
Kg2 Qxa3 60. Qf6 Qa2+ 61. Kf1 Qc4+ 62. Kf2 Qf4+ 63. Ke2 Qh2+ 64. Ke1 Qxh3 65.
Qf8+ Kg5 66. Qd8+ Kg4 67. Qd4+ f4 68. Qd7+ Kh4 0-1

[Event "Najdorf Mem Open A 2016"]
[Site "Warsaw POL"]
[Date "2016.07.11"]
[Round "4.42"]
[White "De Marchi, Olivier"]
[Black "Baskin, Robert"]
[Result "1/2-1/2"]
[WhiteTitle "FM"]
[BlackTitle "FM"]
[WhiteElo "2286"]
[BlackElo "2375"]
[WhiteFideId "613517"]
[BlackFideId "24662402"]
[EventDate "2016.07.08"]

1. d4 Nf6 2. c4 e6 3. g3 c5 4. d5 exd5 5. cxd5 d6 6. Nc3 g6 7. Bg2 Bg7 8. Nf3
O-O 9. O-O a6 10. a4 Nbd7 11. Bf4 Qc7 12. Qd2 Re8 13. Rfc1 c4 14. Nd4 Nc5 15.
Ra3 Bd7 16. b4 cxb3 17. Nxb3 Rac8 18. Nxc5 Qxc5 19. Rb3 Ng4 20. Ne4 Qa7 21. Rxc8
Rxc8 22. Bf3 Rc4 23. Bxg4 Bxg4 24. Nxd6 Rxa4 25. Rxb7 Qa8 26. Qc2 Ra1+ 27. Kg2
Qd8 28. Qb3 Bf8 29. Rb8 Qd7 30. Bh6 Bh3+ 31. Kf3 Bg4+ 32. Kg2 Bh3+ 33. Kf3 Bg4+
34. Ke3 Qe7+ 35. Kf4 Ra4+ 36. e4 Qxd6+ 37. Kxg4 Rxe4+ 38. Kf3 Rb4 39. Rxb4 Qxb4
40. Qxb4 Bxb4 41. Ke4 Bd6 42. Bd2 f5+ 43. Kd4 Kf7 44. Kc4 h5 45. Kd4 h4 46. gxh4
Ke8 47. h3 Kd7 48. Kc4 Be7 1/2-1/2

[Event "Najdorf Mem Open A 2016"]
[Site "Warsaw POL"]
[Date "2016.07.11"]
[Round "4.43"]
[White "Deszczynski, Adam"]
[Black "Jaroch, Karol"]
[Result "1-0"]
[WhiteElo "2366"]
[BlackElo "2203"]
[WhiteFideId "1102753"]
[BlackFideId "1130609"]
[EventDate "2016.07.08"]

1. e4 e6 2. d4 d5 3. Nc3 Bb4 4. e5 c5 5. a3 Bxc3+ 6. bxc3 Ne7 7. h4 Nbc6 8. h5
Bd7 9. h6 gxh6 10. Nf3 Qa5 11. Bd2 Qa4 12. Rb1 cxd4 13. Bb5 Qxa3 14. cxd4 Nf5
15. Bxc6 Bxc6 16. Bb4 Qa6 17. g4 Ne7 18. Rxh6 Rg8 19. Nd2 Nf5 20. Rxh7 Nxd4 21.
Bc5 Qa4 22. Rb2 b6 23. Bb4 a5 24. Bd6 Rxg4 25. Qxg4 Nxc2+ 26. Rxc2 Qxg4 27. Rxc6
Qg1+ 28. Nf1 Qg8 29. Rh3 f6 30. Rc7 fxe5 31. Rhh7 Kd8 32. Rcd7+ Kc8 33. Rc7+ Kd8
34. Rcd7+ Kc8 35. Rdg7 Qe8 36. Ne3 a4 37. Ng4 a3 38. Rc7+ Kd8 39. Nf6 a2 40.
Rhd7+ Qxd7 41. Rxd7+ Kc8 42. Bxe5 a1=Q+ 43. Bxa1 Rxa1+ 44. Ke2 Ra2+ 45. Kf3 Ra3+
46. Kg2 Ra1 47. Re7 Re1 48. f4 d4 49. Kf2 Re3 50. Ng4 Kd8 51. Rb7 Rb3 52. Ne5
Ke8 53. Rd7 Rb2+ 54. Kf3 Rb3+ 55. Kg4 d3 56. Rd4 Rb1 57. Rxd3 b5 58. Kg5 b4 59.
Kf6 Rf1 60. Rd4 b3 61. Nc6 1-0

[Event "Najdorf Mem Open A 2016"]
[Site "Warsaw POL"]
[Date "2016.07.11"]
[Round "4.44"]
[White "Zaninotto, Franco"]
[Black "Stoma, Pawel"]
[Result "1/2-1/2"]
[WhiteTitle "FM"]
[WhiteElo "2127"]
[BlackElo "2365"]
[WhiteFideId "800406"]
[BlackFideId "1113569"]
[EventDate "2016.07.08"]

1. d4 Nf6 2. Nf3 c6 3. Bf4 Qb6 4. b3 d5 5. e3 Bg4 6. Be2 Nbd7 7. h3 Bxf3 8. Bxf3
g6 9. O-O Bg7 10. c4 O-O 11. Nc3 Qb4 12. Qd3 Qa5 13. Rab1 dxc4 14. bxc4 Qa6 15.
Rb4 e5 16. Rfb1 c5 17. Ra4 Qd6 18. Nb5 Qe7 19. dxe5 Nh5 20. Qd6 Qxd6 21. exd6
Nxf4 22. exf4 Nb6 23. Rxa7 Nxc4 24. Rxa8 Rxa8 25. Bxb7 Rd8 26. Rc1 Nxd6 27. Nxd6
Rxd6 28. Rxc5 Rd1+ 29. Kh2 Rd2 30. Rc8+ Bf8 31. a4 Ra2 32. Ra8 Kg7 33. Kg3 Bc5
34. a5 Bxf2+ 35. Kf3 Bc5 36. a6 f5 37. Rc8 Ra3+ 38. Ke2 Ra2+ 39. Kd3 Ra3+ 40.
Kc4 Be3 41. Kb4 Ra1 42. Rc4 Kf6 43. Kb3 Rb1+ 44. Kc2 Ra1 45. Kd3 Bg1 46. Rc6+
Kg7 47. Rc7+ Kh8 48. Rc4 Kg7 49. Kc2 Be3 50. Kb2 Ra5 51. Kb3 Kf6 52. Ra4 Rxa4
53. Kxa4 Ke6 54. Kb5 Kd6 55. Kc4 Kc7 56. Kd5 Bxf4 57. Ke6 h5 58. Bf3 Kb6 59. Kf6
h4 60. Kxg6 1/2-1/2

[Event "Najdorf Mem Open A 2016"]
[Site "Warsaw POL"]
[Date "2016.07.11"]
[Round "4.45"]
[White "Nowak, Lukasz2"]
[Black "Meskovs, Nikita"]
[Result "1/2-1/2"]
[BlackTitle "IM"]
[WhiteElo "2263"]
[BlackElo "2469"]
[WhiteFideId "1166760"]
[BlackFideId "11602740"]
[EventDate "2016.07.08"]

1. e4 Nf6 2. e5 Nd5 3. d4 d6 4. Nf3 Bg4 5. Be2 e6 6. h3 Bh5 7. c4 Nb6 8. exd6
cxd6 9. Nc3 Be7 10. d5 e5 11. g4 Bg6 12. h4 h6 13. Be3 N8d7 14. Nd2 Nf6 15. Rg1
Rc8 16. b3 Nbd7 17. g5 hxg5 18. hxg5 Nh7 19. Bh5 Nhf8 20. Bxg6 Nxg6 21. Nde4 Rh4
22. Qd3 Nf4 23. Bxf4 exf4 24. O-O-O Ne5 25. Qc2 a6 26. Kb1 b6 27. Rh1 Bxg5 28.
Nxg5 Rxh1 29. Rxh1 Qxg5 30. Ne4 Qg2 31. Rh8+ Kd7 32. Rxc8 Kxc8 33. Nxd6+ Kd7 34.
Nxf7 Nxf7 35. Qf5+ Kd6 36. Qxf7 Qf1+ 37. Kb2 Qxf2+ 38. Ka3 Qc5+ 39. Kb2 Qd4+ 40.
Kc2 Qe4+ 41. Kd2 Qe3+ 42. Kc2 Qe2+ 43. Kc3 Qe1+ 44. Kc2 Qe4+ 45. Kd2 Qd4+ 46.
Kc2 1/2-1/2

[Event "Najdorf Mem Open A 2016"]
[Site "Warsaw POL"]
[Date "2016.07.11"]
[Round "4.46"]
[White "Piscopo, Pierluigi"]
[Black "Andre, Gordon"]
[Result "1-0"]
[WhiteTitle "IM"]
[WhiteElo "2429"]
[BlackElo "2254"]
[WhiteFideId "809152"]
[BlackFideId "4655354"]
[EventDate "2016.07.08"]

1. e4 e6 2. d4 d5 3. Nd2 c5 4. Ngf3 Nf6 5. e5 Ne4 6. c3 Qb6 7. Bd3 Nxd2 8. Qxd2
cxd4 9. Nxd4 Nc6 10. Qf4 Nxd4 11. cxd4 Bb4+ 12. Ke2 Bd7 13. a4 Be7 14. Qg4 g6
15. h4 f5 16. Qf4 Qb3 17. Qd2 Rc8 18. Qd1 Qb4 19. Bb1 O-O 20. h5 Rc4 21. b3 Rxd4
22. Bd3 Qc3 23. Rb1 Rb4 24. f4 Rc8 25. Bd2 Qd4 26. Be3 Qc3 27. hxg6 hxg6 28. Rh6
Rd4 29. Bxd4 Qxd4 30. Qh1 Bf8 31. Rxg6+ Kf7 32. Rf6+ Kg8 33. Rg6+ Kf7 34. Rf6+
Kg8 35. Qh5 Be8 36. Qg5+ Bg7 37. Rxe6 Bf7 38. Rd6 Re8 39. Rd8 Bh5+ 40. Qxh5 Rxd8
41. Qxf5 Re8 42. Rc1 Bxe5 43. Rc8 1-0

[Event "Najdorf Mem Open A 2016"]
[Site "Warsaw POL"]
[Date "2016.07.11"]
[Round "4.47"]
[White "Niekras, Dawid"]
[Black "Klenburg, Michael"]
[Result "1-0"]
[BlackTitle "IM"]
[WhiteElo "2255"]
[BlackElo "2370"]
[WhiteFideId "1160451"]
[BlackFideId "14102072"]
[EventDate "2016.07.08"]

1. e4 e5 2. Nf3 Nc6 3. Bb5 a6 4. Ba4 Nf6 5. O-O Be7 6. Re1 b5 7. Bb3 d6 8. c3
O-O 9. h3 Na5 10. Bc2 c5 11. d4 Qc7 12. Nbd2 Re8 13. d5 c4 14. Nf1 Nb7 15. g4
Nc5 16. Ng3 a5 17. g5 Nfd7 18. Nf5 Bf8 19. Nh2 Nb6 20. Qf3 b4 21. Ng4 Kh8 22.
Kh2 Nd3 23. Rg1 Nxc1 24. Raxc1 Qd8 25. h4 Ra7 26. Rg3 Rb7 27. Rcg1 Bxf5 28. exf5
b3 29. axb3 cxb3 30. Be4 Na4 31. Nf6 gxf6 32. Qh5 Bg7 33. gxf6 Qxf6 34. Rxg7 h6
35. R1g6 Qxg6 36. Rxg6 fxg6 37. Qxg6 Ree7 38. Qxd6 Nxb2 39. f6 Re8 40. Qc6 Reb8
41. d6 Rf7 42. d7 Rd8 43. Qe6 Rfxd7 44. f7 Kg7 45. Qe8 Rxf7 46. Qxd8 a4 47. Bd5
Rxf2+ 48. Kg3 1-0

[Event "Najdorf Mem Open A 2016"]
[Site "Warsaw POL"]
[Date "2016.07.11"]
[Round "4.48"]
[White "Zochowski, Kacper"]
[Black "Skawinski, Arkadiusz"]
[Result "1-0"]
[BlackTitle "FM"]
[WhiteElo "2248"]
[BlackElo "2355"]
[WhiteFideId "1125494"]
[BlackFideId "1126415"]
[EventDate "2016.07.08"]

1. e4 e5 2. Nf3 Nc6 3. Bb5 a6 4. Ba4 Nf6 5. Qe2 b5 6. Bb3 Bc5 7. c3 d6 8. O-O
O-O 9. Rd1 Re8 10. d3 h6 11. Nbd2 Be6 12. Nf1 Bb6 13. Be3 Bxe3 14. Nxe3 Bxb3 15.
axb3 a5 16. Nd5 Nxd5 17. exd5 Ne7 18. d4 Qd7 19. dxe5 Ng6 20. e6 fxe6 21. Qe4
Nf8 22. Nd4 e5 23. Nf5 Kh8 24. Rd3 Nh7 25. Qg4 Rf8 26. Nxh6 Qe7 27. Nf5 Qf6 28.
Rf3 Ng5 29. Qh4+ Kg8 30. Rg3 Qxf5 31. Rxg5 Qc2 32. Rh5 Rf4 33. Rh8+ Kf7 34. Qh5+
Kf6 35. Rf1 Rxh8 36. Qxh8 Qxb2 37. g3 Rf5 38. Qe8 Qc2 39. h4 g5 40. h5 1-0

[Event "Najdorf Mem Open A 2016"]
[Site "Warsaw POL"]
[Date "2016.07.11"]
[Round "4.49"]
[White "Strugnell, Carl"]
[Black "Fakhrutdinov, Timur"]
[Result "0-1"]
[WhiteTitle "FM"]
[BlackTitle "FM"]
[WhiteElo "2238"]
[BlackElo "2350"]
[WhiteFideId "616753"]
[BlackFideId "24176702"]
[EventDate "2016.07.08"]

1. e4 c5 2. Nf3 Nc6 3. d4 cxd4 4. Nxd4 Nf6 5. Nc3 d6 6. Bg5 e6 7. Qd2 Be7 8.
O-O-O O-O 9. f3 a6 10. Kb1 h6 11. Be3 Nxd4 12. Bxd4 e5 13. Be3 b5 14. g4 b4 15.
Nd5 Nxd5 16. exd5 a5 17. Bd3 Bg5 18. h4 Bxe3 19. Qxe3 f5 20. g5 h5 21. g6 Qf6
22. Rdg1 Bb7 23. Qg5 Qxg5 24. hxg5 Bxd5 25. Rxh5 Rfe8 26. Bxf5 Bxf3 27. Rh3 e4
28. Bg4 Bxg4 29. Rxg4 d5 30. Kc1 Ra6 31. Rf4 Rxg6 32. Rf5 e3 33. Kd1 e2+ 34. Ke1
Rc6 35. c3 d4 36. Rh1 dxc3 37. bxc3 bxc3 0-1

[Event "Najdorf Mem Open A 2016"]
[Site "Warsaw POL"]
[Date "2016.07.11"]
[Round "4.50"]
[White "Barski, Radoslaw"]
[Black "Kowalczyk, Rafal"]
[Result "1-0"]
[WhiteElo "2346"]
[BlackElo "2204"]
[WhiteFideId "1131710"]
[BlackFideId "1133853"]
[EventDate "2016.07.08"]

1. e4 e5 2. Nf3 Nc6 3. Bb5 a6 4. Ba4 Nf6 5. O-O Be7 6. Re1 b5 7. Bb3 d6 8. c3
O-O 9. d4 Bg4 10. Be3 exd4 11. cxd4 Na5 12. Bc2 Nc4 13. Bc1 c5 14. b3 Nb6 15.
Nbd2 Re8 16. h3 Bh5 17. Bb2 Nfd7 18. g4 Bg6 19. Nf1 Rc8 20. Ng3 Bf6 21. Rc1 cxd4
22. Nxd4 Be5 23. Ngf5 Bxf5 24. exf5 Qh4 25. Qf3 Nf6 26. Qg2 Nfd5 27. Nf3 Bxb2
28. Nxh4 Bxc1 29. Rxc1 Nf4 30. Qf1 Ne2+ 31. Kh1 Nxc1 32. Qxc1 Re2 33. f6 Rc5 34.
Nf5 h6 35. Nxh6+ Kf8 36. fxg7+ Kxg7 37. Nf5+ Kf8 38. Qh6+ Ke8 39. Qxd6 1-0

[Event "Najdorf Mem Open A 2016"]
[Site "Warsaw POL"]
[Date "2016.07.11"]
[Round "4.51"]
[White "Bartel, Michal"]
[Black "Heinemann, Josefine"]
[Result "1-0"]
[WhiteTitle "FM"]
[BlackTitle "WIM"]
[WhiteElo "2341"]
[BlackElo "2216"]
[WhiteFideId "1119257"]
[BlackFideId "12900460"]
[EventDate "2016.07.08"]

1. e4 c5 2. Nf3 e6 3. d4 cxd4 4. Nxd4 Nc6 5. Nc3 Qc7 6. Nb3 a6 7. Bd3 Nf6 8. O-O
Be7 9. f4 d6 10. Qf3 O-O 11. Bd2 Nb4 12. Kh1 e5 13. Nb5 axb5 14. Bxb4 exf4 15.
Qxf4 Be6 16. Nd4 Bc4 17. Nf5 Rfd8 18. Qg5 Bf8 19. Bc3 Ne8 20. Bxc4 bxc4 21. Nh6+
Kh8 22. Nxf7+ Kg8 23. Nh6+ Kh8 24. Rxf8# 1-0

[Event "Najdorf Mem Open A 2016"]
[Site "Warsaw POL"]
[Date "2016.07.11"]
[Round "4.52"]
[White "Winiarski, Mikolaj"]
[Black "Bednarek, Sylwester"]
[Result "0-1"]
[BlackTitle "FM"]
[WhiteElo "2209"]
[BlackElo "2340"]
[WhiteFideId "1159984"]
[BlackFideId "1101811"]
[EventDate "2016.07.08"]

1. d4 Nf6 2. c4 g6 3. f3 Bg7 4. e4 d6 5. Nc3 O-O 6. Be3 Nfd7 7. Qd2 c5 8. d5 Ne5
9. h3 f5 10. f4 Nf7 11. exf5 gxf5 12. Bd3 e5 13. Nge2 e4 14. Bc2 b5 15. Nxb5
Bxb2 16. Rb1 Bf6 17. g4 Bh4+ 18. Kd1 Nd7 19. Rg1 Nf6 20. g5 Nh5 21. Qc3 a6 22.
Na3 Nh8 23. Kd2 h6 24. Rbf1 hxg5 25. fxg5 Ra7 26. Nf4 Nxf4 27. Bxf4 Rg7 28. Qe3
Ng6 29. Kd1 Nxf4 30. Qxf4 Bxg5 31. Qf2 Qa5 32. Nb1 Qxa2 33. h4 Bf6 34. h5 Qxc4 0-1

[Event "Najdorf Mem Open A 2016"]
[Site "Warsaw POL"]
[Date "2016.07.11"]
[Round "4.53"]
[White "Karpus, Michal"]
[Black "Lewicki, Miroslaw"]
[Result "0-1"]
[WhiteTitle "FM"]
[BlackTitle "CM"]
[WhiteElo "2179"]
[BlackElo "2329"]
[WhiteFideId "1174088"]
[BlackFideId "1113380"]
[EventDate "2016.07.08"]

1. e4 c5 2. Nf3 d6 3. d4 cxd4 4. Nxd4 Nf6 5. Nc3 a6 6. Be3 e5 7. Nb3 Be6 8. h3
h5 9. f4 Qc7 10. Qd2 Be7 11. O-O-O Nbd7 12. g3 Rc8 13. f5 Bc4 14. Bg2 b5 15. Qf2
b4 16. Nd5 Bxd5 17. exd5 a5 18. Kb1 a4 19. Nc1 a3 20. b3 Qc3 21. Nd3 Nc5 22.
Bxc5 Rxc5 23. Qe1 Qxc2+ 24. Ka1 Qxg2 25. Rd2 Qxd5 26. Nxc5 Qxc5 27. Qd1 Ne4 28.
Rc2 Nc3 29. Qd3 e4 30. Qc4 d5 31. Qa6 O-O 0-1

[Event "Najdorf Mem Open A 2016"]
[Site "Warsaw POL"]
[Date "2016.07.11"]
[Round "4.54"]
[White "Chomczyk, Marek"]
[Black "Harazinska, Ewa"]
[Result "0-1"]
[BlackTitle "WFM"]
[WhiteElo "2167"]
[BlackElo "2279"]
[WhiteFideId "1125826"]
[BlackFideId "1118374"]
[EventDate "2016.07.08"]

1. d4 Nf6 2. c4 e6 3. Nf3 Bb4+ 4. Bd2 Qe7 5. e3 Ne4 6. Bd3 Nxd2 7. Nbxd2 d5 8.
O-O O-O 9. e4 Bxd2 10. Qxd2 dxe4 11. Bxe4 Nd7 12. Ne5 Rd8 13. Qc3 c5 14. Rad1
Rb8 15. Qa3 Qh4 16. Bf3 cxd4 17. Qxa7 Nxe5 18. Qxb8 Nxf3+ 19. gxf3 d3 20. Qc7
Qg5+ 21. Qg3 Qc5 22. Qf4 e5 23. Qe3 Qxc4 24. Qxe5 Bh3 25. Qe7 Qd5 26. Rfe1 f6
27. Qe3 d2 28. Rf1 Qh5 29. Qb3+ Kh8 30. Kh1 Bxf1 31. Rxf1 Qe5 32. Rd1 h6 33. Kg2
Qe2 34. Qc2 Rd5 35. h4 Rd8 36. a4 Kg8 37. Qc7 Qd3 38. Qxb7 Rd4 39. a5 Qg6+ 40.
Kf1 Qd3+ 41. Kg2 Qg6+ 42. Kf1 Qc2 43. Kg2 Qxd1 44. Qc8+ Kf7 0-1

[Event "Najdorf Mem Open A 2016"]
[Site "Warsaw POL"]
[Date "2016.07.11"]
[Round "4.55"]
[White "Hacker, Jonas"]
[Black "Tomaszewski, Kacper"]
[Result "1-0"]
[WhiteTitle "FM"]
[WhiteElo "2275"]
[BlackElo "2172"]
[WhiteFideId "1270968"]
[BlackFideId "1127373"]
[EventDate "2016.07.08"]

1. e4 c6 2. d4 d5 3. Nd2 dxe4 4. Nxe4 Bf5 5. Ng3 Bg6 6. Nf3 Nd7 7. h4 h6 8. h5
Bh7 9. Bd3 Bxd3 10. Qxd3 e6 11. Bd2 Ngf6 12. O-O-O Be7 13. Kb1 O-O 14. Ne4 Nxe4
15. Qxe4 Nf6 16. Qe2 Qd5 17. Ne5 Qe4 18. Qxe4 Nxe4 19. Be1 Rfd8 20. f3 Nf6 21.
Bf2 Nd7 22. c4 Rac8 23. g4 c5 24. Nxd7 Rxd7 25. dxc5 Rdc7 26. b4 b6 27. Bg3 Rb7
28. Rh2 a5 29. a3 Bf6 30. Rhd2 axb4 31. axb4 bxc5 32. b5 Ra7 33. Ra2 Rca8 34.
Rdd2 Ra4 35. Rxa4 Rxa4 36. Kc1 Bg5 37. f4 Rxc4+ 38. Rc2 Rxc2+ 39. Kxc2 Bd8 40.
Kd3 Bc7 41. Kc4 g5 42. hxg6 fxg6 43. Kxc5 g5 44. Kc6 Bb8 45. f5 1-0

[Event "Najdorf Mem Open A 2016"]
[Site "Warsaw POL"]
[Date "2016.07.11"]
[Round "4.56"]
[White "Dabrowska, Krystyna"]
[Black "Arat, Ufuk Sezen"]
[Result "1/2-1/2"]
[WhiteTitle "WGM"]
[BlackTitle "IM"]
[WhiteElo "2228"]
[BlackElo "2402"]
[WhiteFideId "1104454"]
[BlackFideId "6309089"]
[EventDate "2016.07.08"]

1. e4 d6 2. d4 Nf6 3. Nc3 g6 4. g3 Bg7 5. Bg2 O-O 6. Nge2 Nbd7 7. O-O c5 8. h3
Rb8 9. a4 b6 10. Bf4 cxd4 11. Nxd4 Bb7 12. Nde2 a6 13. g4 Qc7 14. g5 Nh5 15. Be3
e6 16. f4 f5 17. gxf6 Ndxf6 18. Qe1 Qc4 19. b3 Qc7 20. Rd1 Rbc8 21. Bf3 e5 22.
fxe5 dxe5 23. Rd2 Nf4 24. Nxf4 exf4 25. Bd4 Rfe8 26. Qf2 Nxe4 27. Nxe4 Bxe4 28.
Bxg7 Qxg7 29. Bg4 Rcd8 30. Qxf4 Rxd2 31. Qxd2 Qe5 32. Qf2 h5 33. Be2 Qg5+ 34.
Kh2 Qe5+ 35. Kg1 Qg5+ 36. Kh2 Rd8 37. Bd3 Qe5+ 38. Kg1 Qg5+ 39. Kh2 Qe5+ 40. Kg1
Bxd3 41. cxd3 Kh7 42. Qf7+ Kh6 43. Rf3 a5 44. Kg2 Qg5+ 45. Kh2 Rc8 46. Rf2 h4
47. Qf3 Qe5+ 48. Kg2 Rd8 49. Kf1 Qg5 50. d4 Rc8 51. d5 Rd8 52. d6 Qe5 53. Rd2
Rd7 54. Qf8+ Kg5 55. Kg1 Qe1+ 56. Qf1 Qe3+ 57. Qf2 Qxh3 58. Qxb6 Kh6 59. Qd4
Qg3+ 60. Rg2 Qe1+ 61. Kh2 Kh7 62. Qf6 Qe4 63. Kh3 Qd3+ 64. Kxh4 Qxd6 65. Qxd6
Rxd6 66. Rg5 Rd4+ 67. Kg3 Rd3+ 68. Kg2 Rxb3 69. Rxa5 Kh6 70. Ra8 Kh5 71. a5 Kg4
72. a6 Rb2+ 73. Kf1 Ra2 74. a7 g5 75. Ke1 Kg3 76. Rg8 Rxa7 1/2-1/2